00349 a2200109 4500001001000000005001700010008004100027245006500068100002300133773006600156999001700222ART_5137220260410161649.0260409a 10aLas retenciones a las exportaciones y el deber de contribuir1 aBibiloni, Mario J.0 tConsultor tributariog- Año 14, N° 159 (mayo 2020)wREV474 c14085d14085